000 00696nam a22002057a 4500
005 20251108171226.0
008 250721s1982 xx 000 0 ara d
082 1 4 _a020/مدخ
100 1 _aعكروش، أنور
_eتحرير
245 1 0 _aالمدخل إلى علم المكتبات و المعلومات /
264 1 _aعمان :
_bجمعية المكتبات الأردنية،
_c1982.
300 _a298ص
490 0 _aمنشورات جمعية المكتبات الأردنية ؛ 5
650 1 7 _aعلم المكتبات
650 1 7 _aالمكتبات
650 1 7 _aعلم المعلومات
700 1 _aدحبور، صدقي
_eتحرير
942 _2ddc
_cBK
999 _c59791
_d59791